Sagrada Biblia
Saved in:
| Format: | Book |
|---|---|
| Language: | Spanish |
| Published: |
Madrid
Cultural S. A
1998
|
| Subjects: | |
| Tags: |
Add Tag
No Tags, Be the first to tag this record!
|
MARC
| LEADER | 00000cam a2200000 a 4500 | ||
|---|---|---|---|
| 001 | UCG8069 | ||
| 003 | CL-VaPUC | ||
| 008 | 111118e19980000SP |||||||||||||||||spa|d | ||
| 020 | |a 8485734580 | ||
| 082 | 0 | 4 | |a 220 |b SAG |2 21 |
| 245 | 1 | 0 | |a Sagrada Biblia |
| 300 | |a 1324 p | ||
| 942 | |c BK | ||
| 945 | |d 20111118 00:00:00 |a dcastane | ||
| 260 | |a Madrid |b Cultural S. A |c 1998 | ||
| 500 | |a Texto de la edición impresa en 1884 traducida de la Vulgata Latina al español. Aclarado el sentido de algunos lugares con la luz que dan los textos originales hebreo y griego, e ilustrada con varias notas sacadas de los Santos Padres y Expositores Sagrados por el Ilmo. Don Félix Torres Amat | ||
| 650 | 0 | |a Biblia |9 257603 | |
| 650 | 0 | |a Antiguo testamento |9 313678 | |
| 650 | 0 | |a Nuevo testamento |9 257604 | |
| 650 | 0 | |a Textos sagrados |9 257605 | |
| 583 | |a last modification |c 20111118 11:09:00 |k Rodrigo Vera | ||
| 999 | |c 345708 |d 345706 | ||
| 952 | |0 0 |1 0 |4 0 |6 220_000000000000000_SAG_1998 |7 0 |8 F |9 445506 |a BIBTEO |b BIBTEO |d 2019-11-22 |i 4799992 |o 220 SAG 1998 |p 4799992 |r 2025-01-17 |w 2019-11-22 |y BK_F |k ICR | ||